| 000 | 01190cam a22003497i 4500 | ||
|---|---|---|---|
| 999 |
_c3013 _d3013 |
||
| 001 | 20502433 | ||
| 003 | OSt | ||
| 005 | 20230914160844.0 | ||
| 008 | 171121t20182018enk 000 d eng d | ||
| 010 | _a 2018379245 | ||
| 020 |
_a9781350069299 _q(paperback) |
||
| 035 | _a(OCoLC)on1013177804 | ||
| 040 |
_aYDX _beng _cYDX _erda _dOCLCO _dUAB _dBDX _dOCLCO _dREB _dDLC _dKH8 |
||
| 042 | _alccopycat | ||
| 082 | 0 | 4 |
_a822.92 GRA _223 |
| 100 | 1 |
_aGraham, James, _d1982- _eauthor. |
|
| 245 | 1 | 0 |
_aQuiz / _cJames Graham. |
| 264 | 1 |
_aLondon ; _aNew York : _bMethuen Drama, _c[2018] |
|
| 264 | 4 | _c©2018 | |
| 300 |
_a102 pages ; _c20 cm |
||
| 336 |
_atext _btxt _2rdacontent |
||
| 337 |
_aunmediated _bn _2rdamedia |
||
| 338 |
_avolume _bnc _2rdacarrier |
||
| 490 | 1 | _aModern plays | |
| 500 | _a"Based on the book Bad show: The Quiz, the Cough, the Millionaire Major by Bob Woffinden and James Plaskett." | ||
| 630 | 0 | 0 |
_aWho wants to be a millionaire _vDrama. |
| 700 | 1 |
_aWoffinden, Bob. _tBad show. _iBased on (work): |
|
| 830 | 0 | _aMethuen modern plays. | |
| 906 |
_a7 _bcbc _ccopycat _d3 _encip _f20 _gy-gencatlg |
||
| 942 |
_2ddc _cTR |
||